Parable of the Vineyard Workers - Bible Quiz - Statistics

General Stats
  • This quiz has been taken 8 times
  • The average score is 16 of 24
Answer Stats
Hint Answer % Correct
He told them 'You may also go and work in my ________, and I will pay you whatever is right.' So they went. vineyard
100%
The workers who were hired about five in the afternoon came and each received a ________. denarius
83%
So the last will be _____, first
83%
and the first will be ____. last
83%
So when those came who were hired first, they expected to receive ____. But each one of them also received a denarius. more
83%
'These who were hired last worked only ___ hour,' they said one
83%
He agreed to ___ them a denarius for the day and sent them into his vineyard. pay
83%
who went out early in the morning to hire _______ for his vineyard. workers
83%
He went out again about noon and about three in the _________ and did the same thing. afternoon
67%
Didn't you _____ to work for a denarius? Take your pay and go. agree
67%
'and you have made them _____ to us equal
67%
Or are you envious because I am ________?' generous
67%
"'For the kingdom of heaven is like a _________ landowner
67%
Don't I have a right to do what I want with my own _____? money
67%
He asked them, 'Why have you been standing here all day long doing _______?' nothing
67%
I want to give the one who was hired last the ____ as I gave you. same
67%
But he answered one of them, 'I am not being ______ to you, friend. unfair
67%
'Call the workers and pay them their _____, beginning with the last ones hired and going on to the first.' wages
67%
When _______ came, the owner of the vineyard said to his foreman, evening
50%
When they received it, they began to _______ against the landowner. grumble
50%
'Because no one has _____ us,' they answered. He said to them, 'You also go and work in my vineyard.' hired
50%
who have borne the burden of the work and the ____ of the day.' heat
33%
About nine in the morning he went out and saw others standing in the ______place doing nothing. market
33%
About five in the afternoon he went out and found still others ________ around. standing
33%
No matching quizzes found
Score Distribution
Percent of People with Each Score
Percentile by Number Answered
Your Score History
You have not taken this quiz